All India Plastics directory, 1990 (Record no. 40007)

MARC details
000 -LEADER
fixed length control field 00288nam a2200109Ia 4500
082 ## - DEWEY DECIMAL CLASSIFICATION NUMBER
Classification number 678.5(058)
Item number BHU
245 #0 - TITLE STATEMENT
Title All India Plastics directory, 1990
260 ## - PUBLICATION, DISTRIBUTION, ETC. (IMPRINT)
Place of publication Calcutta
Name of publisher Indian Plastics
Year of publication 1990
700 ## - ADDED ENTRY--PERSONAL NAME
Personal name Bhutoria, S C
942 ## - ADDED ENTRY ELEMENTS (KOHA)
Koha item type Books
Holdings
Withdrawn status Lost status Damaged status Not for loan Home library Current library Date acquired Cost, normal purchase price Full call number Accession Number Koha item type
        RRII Library RRII Library 16/12/2021 200.00 678.5(058) BHU 20325 Books